effect of different kind herbicide on ir 66 rice variety in prateak lang soil condition ឥទ្ធិពលប្រភេទថ្នាំសម្លាប់ស្មៅចង្រៃផ្សេងៗគ្នាលើពូជស្រូវអ៊ីអែ៊រ ៦៦ ក្នុងលក្ខខណ្ឌដីប្រទះឡាន (Record no. 18004)

000 -LEADER
fixed length control field 00717nam a22001337a 4500
040 ## - CATALOGING SOURCE
Transcribing agency RUA
082 ## - DEWEY DECIMAL CLASSIFICATION NUMBER
Classification number AGR NHO 2017 B636 Or.1
100 ## - MAIN ENTRY--AUTHOR NAME
Personal name NHOUN DYNA ញន ឌីណា
245 ## - TITLE STATEMENT
Title effect of different kind herbicide on ir 66 rice variety in prateak lang soil condition ឥទ្ធិពលប្រភេទថ្នាំសម្លាប់ស្មៅចង្រៃផ្សេងៗគ្នាលើពូជស្រូវអ៊ីអែ៊រ ៦៦ ក្នុងលក្ខខណ្ឌដីប្រទះឡាន
260 ## - PUBLICATION, DISTRIBUTION, ETC. (IMPRINT)
Place of publication RUA
Name of publisher Phnom penh
Year of publication 2017
300 ## - PHYSICAL DESCRIPTION
Number of Pages x;44p
Other physical details ill;
Dimensions 29cm
856 ## - ELECTRONIC LOCATION AND ACCESS
Uniform Resource Identifier https://drive.google.com/file/d/19z1310NZkG7Mu0zmBA3W9aign5ZBLjby/view?usp=sharing
942 ## - ADDED ENTRY ELEMENTS (KOHA)
Koha item type AGR
952 ## - LOCATION AND ITEM INFORMATION (KOHA)
Withdrawn status [LOCAL, KOHA] 0
952 ## - LOCATION AND ITEM INFORMATION (KOHA)
Withdrawn status [LOCAL, KOHA] 0
952 ## - LOCATION AND ITEM INFORMATION (KOHA)
Withdrawn status [LOCAL, KOHA] 0
952 ## - LOCATION AND ITEM INFORMATION (KOHA)
Withdrawn status [LOCAL, KOHA] 0
952 ## - LOCATION AND ITEM INFORMATION (KOHA)
Withdrawn status [LOCAL, KOHA] 0
952 ## - LOCATION AND ITEM INFORMATION (KOHA)
Withdrawn status [LOCAL, KOHA] 0
Holdings
Permanent Location Date acquired Koha item type Lost status Shelving location Barcode Current Location Full call number
Library Block B2019-07-17AGR B636A44398Library Block BAGR NHO 2017 B636 Or.1
Library Block B2019-07-17AGR B636A44721Library Block BAGR NHO 2017 B636 Or.2
Library Block B2019-07-17AGR B636A44955Library Block BAGR NHO 2017 B636 Or.3
Library Block B2019-07-17AGR B636A44950Library Block BAGR NHO 2017 B636 Or.4
Library Block B2019-07-17AGR B636A44800Library Block BAGR NHO 2017 B636 Or5
Library Block B2019-07-17AGR B636 Library Block BAGR NHO 2017 B636 Or.1
មជ្ឈមណ្ឌលឯការនៃសាកលវិទ្យាល័យភូមិន្ទកសិកម្មចំការដូង

Powered by Koha